Investície do automobilového priemyslu SR od roku 1989 bakalárska práca

Na minha lista:
Detalhes bibliográficos
Autor principal: Kováčová, Lenka
Autor Corporativo: Obchodná fakulta EU. Katedra medzinárodného obchodu
Outros Autores: Harbula, Martin
Formato: Livro
Idioma:eslovaco
Publicado em: Bratislava 2009
Tags: Adicionar Tag
Sem tags, seja o primeiro a adicionar uma tag!

MARC

LEADER 00000nam$a2200000$$$4500
001 0103488
005 20240318133652.9
041 0 |a slo 
044 |a SK 
245 1 0 |a Investície do automobilového priemyslu SR od roku 1989  |b bakalárska práca  |c Lenka Kováčová ; škol. Martin Harbula 
264 1 |a Bratislava  |c 2009 
300 |a 56 s. 
100 1 |a Kováčová, Lenka 
700 1 |a Harbula, Martin 
710 2 |a Obchodná fakulta EU. Katedra medzinárodného obchodu